000 00614nam a2200241Ia 4500
008 180523s9999 xx 000 0 und d
020 _a978-981-4336-70-3
050 _aMAIN TX 354
050 _b.B76 2011
100 _aBrown, Amy.
245 0 _aUnderstanding food :
245 0 _bpreparation and principles /
245 0 _cAmy Brown.
260 _aSingapore :
260 _bCengage Learning,
260 _c2011
300 _a757 pages :
300 _billustrations ;
300 _c23 cm.
500 _aIncludes bibliographical references and index.
650 _aFood.
650 _xNutrition.
999 _c357727
_d357727